UBT Library

The aims of argument : (Record no. 773)

000 -LEADER
fixed length control field 00588nam a22002057a 4500
005 - DATE AND TIME OF LATEST TRANSACTION
control field 20150515064706.0
008 - FIXED-LENGTH DATA ELEMENTS--GENERAL INFORMATION
fixed length control field 101007s2011 nyuao f 001 0 eng
020 ## - INTERNATIONAL STANDARD BOOK NUMBER
International Standard Book Number 9780073383842
041 0# - LANGUAGE CODE
Language code of text/sound track or separate title eng
080 ## - UNIVERSAL DECIMAL CLASSIFICATION NUMBER
Universal Decimal Classification number 82.085
100 1# - Rafti
Rafti Crusius, Timothy W.,
100 1# - Rafti
-- 1950-
245 14 - TITLE STATEMENT
Title The aims of argument :
Statement of responsibility, etc Timothy W. Crusius, Carolyn E. Channell.
250 ## -
-- 7th ed.
260 ## -
-- New York, NY :
-- McGraw-Hill,
-- 2011.
300 ## -
-- 352 f. :
-- me il.;
-- 24 cm.
505 ## -
-- Index: f. 348 - 352
650 #0 -
-- Retorika
700 1# -
-- Channell, Carolyn E.
942 ## - ADDED ENTRY ELEMENTS (KOHA)
Source of classification or shelving scheme
Item type Books
Holdings
Withdrawn status Lost status Source of classification or shelving scheme Damaged status Not for loan Collection code Permanent location Current location Shelving location Date acquired Total Checkouts Full call number Date last seen Price effective from Koha item type
          Koleksioni i përgjithshem UBT - Lipjan UBT - Lipjan Koleksioni i përgjithshem 05/15/2015   82.085 CRU 05/15/2015 05/15/2015 Books
UBT Library © 2015-2024. All rights reserved University Education for Business and Technology